000 00651nam a2200253Ia 4500
003 OSt
005 20220918200723.0
006 a|||||r|||| 00| 0
007 ta
008 220917b |||||||| |||| 00| 0 eng d
024 _a90,000
037 _cTextual
040 _aARTS
_cARTS
_beng
041 _2eng
_aeng
082 _aU8.41.N38, L3-;1
100 _aAuden W H
245 0 _aJourney to a war
260 _aLondon
_bFaber and Faber
_c1973
300 _a272p.
_ccm.
650 _aGEOGRAPHY
700 _a Isherwood C
_912157
942 _hU8.41.N38, L3-;1
_cTEXL
_2CC
999 _c213669
_d213669